000 00473nam a2200193Ia 4500
008 220531s9999 xx 000 0 und d
041 _aeng
082 _bKAD
100 _aKadvekar, S. V. &. Others
_969001
245 _aMarketing Management
250 _a1ST
260 _aPune
_bDiamand
_c2014
300 _a143
542 _d01-08-2014
551 _aCommerce
_bNon-grant--C
650 _aMarketing
_969002
906 _d2014-2015
_f831
999 _c38732
_d38732